Mejoramiento de los procesos de la empresa (Registro nro. 21618)
[ vista simple ]
| 000 -Cabecera | |
|---|---|
| Campo de control interno | 01072nam a2200253Ia 4500 |
| 005 - Fecha y hora del registro | |
| control field | 20260416143423.0 |
| 008 - Elementos de Longitud Fija | |
| fixed length control field | 260320s9999||||xx |||||||||||||| ||und|| |
| 020 ## - ISBN | |
| ISBN | 9789586001687 |
| 041 ## - Idioma | |
| Codigo Idioma | ESP |
| 082 ## - DEWEY y NOTACIÓN INTERNA | |
| Dewey | 658.562 |
| Notación Interna | H22 |
| 100 ## - AUTOR | |
| Autor denominación | Harrington, H. James, |
| Término de relación | autor |
| 245 #0 - TÍTULO DE MATERIAL BIBLIOGRÁFICO | |
| Título | Mejoramiento de los procesos de la empresa |
| 246 ## - TÍTULO TRADUCIDO | |
| Título | Business process improvement |
| Autor | Rosas Lopetegui, Gloria Elizabeth; Tiznado Santana, Marco Antonio (traductores) |
| 260 ## - CIUDAD, EDITORIAL, AÑO | |
| Ciudad | Santafé de Bogotá : |
| Nombre de la Editorial | McGraw-Hill Interamericana, |
| Año | 1993 |
| 300 ## - DESCRIPCIÓN | |
| N° Páginas | xix, 309 páginas : |
| Otros detalles | gráficos, cuadros, diagramas ; |
| Dimensiones | 24 cm. |
| 440 ## - MENCIÓN DE SERIE | |
| Título de la Serie | (McGraw-Hill de Management) |
| 650 ## - TEMAS | |
| Temas | Tecnología (Ciencias Aplicadas) |
| 653 ## - DESCRIPTORES | |
| Lenguajes no controlado | Control de calidad; Gestión de producción |
| 654 ## - PROGRAMAS | |
| Programa | Dpto. de Administración de Negocios |
| 856 ## - URL - UBICACIÓN | |
| URI/URL: Enlace exacto del recurso | <a href="https://0u20ywqyg-y-https-www-bibliotechnia-com-mx.itmsp.museknowledge.com/">https://0u20ywqyg-y-https-www-bibliotechnia-com-mx.itmsp.museknowledge.com/</a> |
| Nota pública: Versión digital | <a href="Véase además: Base de datos BiblioTechnia">Véase además: Base de datos BiblioTechnia</a> |
| 856 ## - URL - UBICACIÓN | |
| URI/URL: Enlace exacto del recurso | <a href="https://0u20fwqyh-y-https-research-ebsco-com.itmsp.museknowledge.com/c/qxo6us/search">https://0u20fwqyh-y-https-research-ebsco-com.itmsp.museknowledge.com/c/qxo6us/search</a> |
| Nota pública: Versión digital | <a href="Véase además: Base de datos EBSCOhost">Véase además: Base de datos EBSCOhost</a> |
| 942 ## - ELEMENTOS DE KOHA | |
| Tipo de documento | Libro |
| Nombre del creador | Justo Noguera |
| Código de catalogador | Margarita Torres |
| Esquema de clasificación | Dewey Decimal Classification |
| Codigo completo | Registro | Colección | Copia número | Disponibilidad | Tipo de préstamo | Biblioteca Actual | Procedencia (Biblioteca) | Ubicacón | Fecha Ingreso | Tipo de Adquisición | Observación | Date last seen | Total checkouts | Price effective from | Tipo de Item | Estado del Material | Fuente de Clasificación | Damaged status | Withdrawn status |
|---|---|---|---|---|---|---|---|---|---|---|---|---|---|---|---|---|---|---|---|
| 658.562 H22 | 1084999 | Universidad Católica San Pablo | 1 | Disponible | Disponible | Víctor Andrés Belaunde | Víctor Andrés Belaunde | Planta baja cerrada | 10/03/2026 | Compra | Contabilidad | 20/03/2026 | 20/03/2026 | Libro | Bueno | Dewey Decimal Classification |




